000 00896nam a2200253 i 4500
001 000035690
003 DO-SdBNP
005 20250701083310.0
007 ta
008 111108s2008 dr 000 0 spa d
040 _aDO-SdBNP
_bspa
_cBNPHU
_erda
041 _hsp
082 _axxx
_bS471
_222
111 1 _aSeminario sobre la regulación del ejercicio del derecho.
_dDiciembre, 2006
_961618
245 1 0 _aSeminario sobre la regulación del ejercicio del derecho en la República Dominicana :
_bbases esenciales para una legislación en las América
264 _aSanto Domingo :
_bComisionado de Apoyo a la Reforma y Modernización de la Justicia,
_c2008.
300 _a150 páginas. ;
_c22 cm.
336 _ardacontent
_btexto
_2txt
337 _ardamedia
_bsin mediación
_2n
338 _ardacarrier
_bvolumen
_2nc
590 _aInventariado, 2025/DG
910 _aDG
942 _2ddc
_cLBS1
999 _c35181
_d35181